REPORT OF PHARMACOLOGICAL PROFILE AND SAFETY/ TOXICITY OF YOGRAJ GUGGULU & MAHANARAYANANA TAILA (Record no. 34640)

MARC details
000 -LEADER
fixed length control field 00500nam a22001577a 4500
003 - CONTROL NUMBER IDENTIFIER
control field SGT
020 ## - INTERNATIONAL STANDARD BOOK NUMBER
International Standard Book Number 9789383864003
082 ## - DEWEY DECIMAL CLASSIFICATION NUMBER
Classification number 615.53
Item number R14C
100 ## - MAIN ENTRY--PERSONAL NAME
Personal name CCRS, MINISTRY OF AYUSH
245 ## - TITLE STATEMENT
Title REPORT OF PHARMACOLOGICAL PROFILE AND SAFETY/ TOXICITY OF YOGRAJ GUGGULU & MAHANARAYANANA TAILA
260 ## - PUBLICATION, DISTRIBUTION, ETC. (IMPRINT)
Place of publication, distribution, etc NEW DELHI
Name of publisher, distributor, etc CCRAS
Year of Publication 2024
300 ## - PAGE DESCRIPTION
No. of Pages 124
650 ## - SUBJECT ADDED ENTRY--TOPICAL TERM
Topical term or geographic name as entry element AYURVEDA
653 ## - KEYWORDS--INDEX TERM
Keyword term REPORT , PHARMACOLOGICAL, PROFILE , SAFETY, TOXICITY , YOGRAJ, GUGGULU, MAHANARAYANANA, TAILA
942 ## - ADDED ENTRY ELEMENTS (KOHA)
Source of classification or shelving scheme Dewey Decimal Classification
Koha item type Books
Holdings
Withdrawn status Lost status Source of classification or shelving scheme Damaged status Use restrictions Not for loan Collection code Home library Current library Shelving location Date acquired Vendor Name Cost, normal purchase price SGTU Bill Number Total Checkouts Full call number Accession No. (Barcode) Date last seen Bill Date Koha item type
    Dewey Decimal Classification   Restricted Access   AYURVEDA SGT FA-FP Library SGT FA-FP Library Reference Book 24/04/2026 ABC PVT. LTD. 120.00 SGTU 22873   615.53 R14C FA13300 24/04/2026 10/04/2026 Books
    Dewey Decimal Classification   Restricted Access   AYURVEDA SGT FA-FP Library SGT FA-FP Library Reference Book 24/04/2026 ABC PVT. LTD. 120.00 SGTU 22873   615.53 R14C FA13301 24/04/2026 10/04/2026 Books